過去に使われていた国旗 #1 - Statistics

General Stats
  • This quiz has been taken 333 times
  • The average score is 10 of 16
Answer Stats
Picture Answer % Correct
ソビエト社会主義共和国連邦
89%
アフガニスタン・イスラム共和国
78%
ドイツ民主共和国
75%
大リビア・アラブ社会主義人民ジャマーヒリーヤ国
74%
満洲国
72%
ユーゴスラビア社会主義連邦共和国
71%
スペイン共和国
70%
帝国議会において代表される諸王国および諸邦ならびに神聖なるハンガリーのイシュトヴァーン王冠の諸邦
70%
ドイツ国
69%
オスマン帝国
66%
マリ連邦
64%
南アフリカ共和国
63%
ベトナム国
62%
アメリカ連合国
58%
ロシア帝国
53%
中立モレネ
11%
No matching quizzes found
Score Distribution
Percent of People with Each Score
Percentile by Number Answered
Your Score History
You have not taken this quiz